Harry Potter - Grupy rzeczy/postaci/... cz.6 - Statystyki

Ogólne statystyki
  • Ten quiz został rozwiązany 48 razy
  • Średni wynik to 11 z 36
Statystyki odpowiedzi
Podpowiedź Odpowiedź % Poprawnych
Znane Sowy Hedwiga
92%
Imiona Dyrektora Dumbledore'a Albus
84%
Zwierzęta Hagrida Hardodziób / Kłębolot
84%
Zwierzęta Hagrida Kieł
84%
Imiona Dyrektora Dumbledore'a Brian
65%
Zwierzęta Hagrida Norbert(a)
62%
Zwierzęta Hagrida Puszek
62%
Uciekinierzy z Azkabanu podczas Zakonu Feniksa Bellatrix Lestrange
54%
Znane Sowy Errol
54%
Lokale w Hogsmeade Pub pod Trzema Miotłami
49%
Zwierzęta Hagrida Aragog
46%
Znane Sowy Świstoświnka
46%
Imiona Dyrektora Dumbledore'a Wulfryk
43%
Imiona Dyrektora Dumbledore'a Persival
38%
Lokale w Hogsmeade Gospoda pod Świńskim Łbem
27%
Lokale w Hogsmeade Miodowe Królestwo
27%
Puchoni w Gwardii Dumbledore'a Ernie Macmillan
19%
Puchoni w Gwardii Dumbledore'a Hanna Abbott
19%
Znane Sowy Hermes
19%
Zwierzęta Hagrida Sklątki tylnowybuchowe
19%
Lokale w Hogsmeade Sklep Zonka
19%
Puchoni w Gwardii Dumbledore'a Zachariasz Smith
19%
Uciekinierzy z Azkabanu podczas Zakonu Feniksa Rudolfus Lestrange
16%
Puchoni w Gwardii Dumbledore'a Justyn Finch-Fletchley
14%
Uciekinierzy z Azkabanu podczas Zakonu Feniksa Rabastan Lestrange
14%
Puchoni w Gwardii Dumbledore'a Susan Bones
14%
Zwierzęta Hagrida Tenebrus
14%
Uciekinierzy z Azkabanu podczas Zakonu Feniksa Antonin Dołohow
11%
Lokale w Hogsmeade Herbaciarnia u Pani Puddifoot
11%
Lokale w Hogsmeade Sowia Poczta
8%
Uciekinierzy z Azkabanu podczas Zakonu Feniksa Augustus Rookwood
5%
Lokale w Hogsmeade Sklep odzieżowy Gladraga
3%
Lokale w Hogsmeade Sklep Scrivenshafta
3%
Uciekinierzy z Azkabanu podczas Zakonu Feniksa Mulciber
0%
Lokale w Hogsmeade Sklep u Derwiusza i Bangesa
0%
Uciekinierzy z Azkabanu podczas Zakonu Feniksa Travers
0%
Nie znaleziono quizów pasujących do podanych kryteriów
Rozkład punktacji
Procent ludzi z każdym wynikiem
Percentyl według liczby udzielonych odpowiedzi
Twoja historia wyników
Nie rozwiązałeś tego quizu